000 00718nam a22002057a 4500
999 _c10959
_d10959
003 AR-CdUCM
008 190402b ||||| |||| 00| 0 spa d
020 _a84-294-2023-2
040 _aMUNICIPALIDAD PROVINCIAL DEL CUSCO
_cBIBLIOTECA MUNICIPAL DEL CUSCO
082 _aEP / 372.036 /
_bEN56
110 _aSantilla
_928044
245 _aEnciclopedia básica :
_bTercer grado /
260 _aLima :
_bSantilla,
_c1982.
300 _a207 paginas
_c23 cm.
505 _aContenido :Desfile de fiestas patrias -- Conjuntos -- Aprendemos a medir -- La tierra en el espacio -- La vida en comunidad ...
650 _aEducación primaria
_91561
650 _aHistoria del Perú
_9259
942 _2ddc
_cLIBROS
945 _arum